000 01042nam a22002897a 4500
003 DO-SdBNP
005 20230602084745.0
007 ta
008 230602b1957 sp a|||| |||| 00| 0 spa d
040 _aDO-SdBNP
_bspa
_cBNPHU
_erda
082 4 _222
100 _914727
_aGarcía Lorca, Federico,
_d1898-1936
245 1 0 _aObras completas /
_cFederico García Lorca ; prólogo Jorge Guillén ; recopilación y notas Arturo del Hoyo ; epílogo Vicente Aleixandre
250 _a3a ed.
264 _aMadrid :
_bAguilar,
_c1957.
300 _a1825 páginas :
_bilustraciones, música ;
_c18 cm.
336 _2rdacontent
_atexto
_btxt
337 _2rdamedia
_asin mediación
_bn
338 _2rdacarrier
_avolumen
_bnc
500 _aIncluye referencias bibliográficas y notas al pie de las páginas
590 _aInventariado, 2023/BT
700 1 _aGuillé, Jorge,
_eprólogo
_983495
700 1 _aHoyo, Arturo del,
_erecopilación y notas,
_923911
700 1 _aAleixander, Vicente,
_eepílogo
_983496
910 _aBtavárez
942 _2ddc
_cLBS1
999 _c53692
_d53692